000
00322nam a2200145Ia 4500
100
_a
Tulloch/ Mitch
490
_v
1
942
_c
BK
654
_a
microsoft
245
_a
Microsoft Exchange Server in a Nutshell
260
_b
Oreilly & Ass Inc
_c
1999
082
_a
5.74
_b
TUL
300
_a
390
546
_a
ENGLISH
999
_c
28026
_d
28026